[Event "AUTO-OPEN-1414"]
[Site "http://www.queenalice.com/game.php?id=527573"]
[Date "2009.1.23"]
[Round "1"]
[White "schwam"]
[Black "salcuo"]
[Result "1-0"]
[WhiteElo "1989"]
[BlackElo "1880"]

1. d4 d5 2. c4 e6 3. Nc3 c5 4. cxd5 exd5 5. Nf3 Nc6 6. g3 Nf6 7. Bg2 Be7 8. O-O
O-O 9. Bg5 cxd4 10. Nxd4 h6 11. Be3 Re8 12. Rc1 Bf8 13. Nxc6 bxc6 14. Bd4 Nh7
15. e3 Ng5 16. h4 Ne6 17. Be5 Nc5 18. Na4 Nxa4 19. Qxa4 Rxe5 20. Qxc6 Rb8 21. b3
1-0

[Event "AUTO-OPEN-1414"]
[Site "http://www.queenalice.com/game.php?id=527574"]
[Date "2009.1.23"]
[Round "1"]
[White "salcuo"]
[Black "schwam"]
[Result "0-1"]
[WhiteElo "1918"]
[BlackElo "1975"]

1. Nf3 d5 2. g3 c5 3. Bg2 Nc6 4. d4 e6 5. O-O Nf6 6. c4 dxc4 7. Qa4 Bd7 8. Qxc4
b5 9. Qd3 Rc8 10. dxc5 Bxc5 11. Nc3 b4 12. Ne4 Nxe4 13. Qxe4 Ne7 14. Ne5 f6 15.
Nxd7 Qxd7 16. Bf4 e5 17. Be3 O-O 18. Qc4+ Kh8 19. Bxc5 a5 20. Rfd1 Qc7 21. Rac1
Rfe8 0-1

[Event "AUTO-OPEN-1414"]
[Site "http://www.queenalice.com/game.php?id=527595"]
[Date "2009.1.23"]
[Round "1"]
[White "montelo"]
[Black "salcuo"]
[Result "0-1"]
[WhiteElo "1607"]
[BlackElo "1877"]

1. e4 e5 2. Qh5 Nc6 3. Bc4 g6 4. Qe2 Nf6 5. Nc3 Nd4 6. Qd3 d6 7. Bb3 Bg7 8. Nf3
Nxb3 9. axb3 O-O 10. Nd5 Nxd5 11. Qxd5 c6 12. Qc4 Be6 13. Qe2 f5 14. Ng5 Qxg5
15. g3 fxe4 16. Qxe4 Bd5 17. d3 Bxe4 18. Bxg5 Bxh1 19. Be7 Rf5 20. Bxd6 e4 21.
Ba3 exd3 22. cxd3 Re8+ 23. Kf1 Bf3 24. Bc5 Rxc5 25. b4 Bxb2 26. Rb1 Rc1+ 27.
Rxc1 Bxc1 28. h4 Bd2 29. Kg1 Re1+ 30. Kh2 Rh1# 0-1

[Event "AUTO-OPEN-1414"]
[Site "http://www.queenalice.com/game.php?id=527607"]
[Date "2009.1.23"]
[Round "1"]
[White "pacou93"]
[Black "salcuo"]
[Result "1-0"]
[WhiteElo "1771"]
[BlackElo "1737"]

1. e4 e5 2. Nf3 Nc6 3. d4 exd4 4. Nxd4 Qh4 5. Nc3 Bb4 6. Nxc6 Qxe4+ 7. Qe2 Qxe2+
8. Bxe2 dxc6 9. Bd2 Be6 10. a3 Bd6 11. O-O Nf6 12. Bg5 Be7 13. Bxf6 1-0

[Event "AUTO-OPEN-1414"]
[Site "http://www.queenalice.com/game.php?id=527608"]
[Date "2009.1.23"]
[Round "1"]
[White "salcuo"]
[Black "pacou93"]
[Result "0-1"]
[WhiteElo "1761"]
[BlackElo "1755"]

1. e4 e5 2. Nf3 Nf6 3. d4 Nxe4 4. Bd3 d5 5. Nxe5 Nd7 6. Nxd7 Bxd7 7. O-O Bd6 8.
Nc3 Nxc3 9. bxc3 O-O 10. Qh5 g6 11. Qxd5 Bc8 12. Qf3 Kg7 0-1

[Event "AUTO-OPEN-1420"]
[Site "http://www.queenalice.com/game.php?id=530449"]
[Date "2009.1.27"]
[Round "1"]
[White "Hermano"]
[Black "salcuo"]
[Result "0-1"]
[WhiteElo "1724"]
[BlackElo "1871"]

1. e4 c6 2. Nf3 d5 3. exd5 cxd5 4. h3 Nc6 5. d4 Nf6 6. Bb5 Bf5 7. Bxc6+ bxc6 8.
Nc3 e6 9. Bg5 Qb6 10. Rb1 Be7 11. a3 O-O 12. O-O h6 13. Bxf6 Bxf6 14. Na4 Qc7
15. Nc5 e5 16. dxe5 Bxe5 17. g4 Bd6 18. b4 Be4 19. Qe2 Bxc5 20. bxc5 Rfe8 21.
Qd1 Qa5 22. Rb3 Qxc5 23. Nd2 Bxc2 24. Qc1 Rab8 25. a4 Rxb3 26. Nxb3 Qc3 27. Na1
Re2 28. f3 Qe5 29. f4 Qd4+ 0-1

[Event "AUTO-OPEN-1420"]
[Site "http://www.queenalice.com/game.php?id=530450"]
[Date "2009.1.27"]
[Round "1"]
[White "salcuo"]
[Black "Hermano"]
[Result "1-0"]
[WhiteElo "1920"]
[BlackElo "1625"]

1. e4 e5 2. Nf3 Nc6 3. Bb5 Nf6 4. O-O Nxe4 5. d4 exd4 6. Re1 f5 7. Nxd4 Nxd4 8.
Qxd4 a6 9. Bd3 d5 10. f3 Bc5 11. Qxc5 Be6 12. fxe4 dxe4 13. Bc4 Bxc4 14. Qxc4
Qd7 15. Nc3 O-O-O 16. Rd1 Qe7 17. Nd5 Qd6 18. Bf4 b5 19. Qc3 1-0

[Event "AUTO-OPEN-1420"]
[Site "http://www.queenalice.com/game.php?id=530479"]
[Date "2009.1.27"]
[Round "1"]
[White "salcuo"]
[Black "IgorLutz"]
[Result "1-0"]
[WhiteElo "1500"]
[BlackElo "1854"]

1. e4 c5 2. c3 d5 3. exd5 Qxd5 4. d4 Nc6 5. Nf3 Bg4 6. Be2 e6 7. h3 Bh5 8. c4
Qd8 9. d5 exd5 10. cxd5 Nb4 11. Bb5+ Ke7 12. Qe2+ Kd6 13. Qe5# 1-0

[Event "AUTO-OPEN-1420"]
[Site "http://www.queenalice.com/game.php?id=530480"]
[Date "2009.1.27"]
[Round "1"]
[White "IgorLutz"]
[Black "salcuo"]
[Result "1-0"]
[WhiteElo "1922"]
[BlackElo "1941"]

1. d4 Nf6 2. c4 g6 3. Nf3 Bg7 4. Nc3 d5 5. cxd5 Nxd5 6. e4 Nxc3 7. bxc3 c5 8.
Be3 Qa5 9. Qd2 Nc6 10. Rb1 cxd4 11. cxd4 Qxd2+ 12. Kxd2 O-O 13. d5 Rd8 14. Bd3
Ne5 15. Nxe5 Bxe5 16. f4 Bg7 17. Bc5 Bh6 18. Ke3 e5 19. g3 exf4+ 20. gxf4 b6 21.
Be7 Re8 22. d6 Bf8 23. Bxf8 Rxf8 24. e5 Be6 25. a3 Rac8 26. Rhc1 Rfd8 27. Ba6
Rxc1 28. Rxc1 f6 29. Rc7 h6 30. Rxa7 1-0

[Event "AUTO-OPEN-1420"]
[Site "http://www.queenalice.com/game.php?id=530481"]
[Date "2009.1.27"]
[Round "1"]
[White "salcuo"]
[Black "ReidoBaralho"]
[Result "1-0"]
[WhiteElo "1920"]
[BlackElo "1520"]

1. e4 e5 2. Nf3 d6 3. d4 Bg4 4. dxe5 Bxf3 5. Qxf3 dxe5 6. Bc4 Bb4+ 7. c3 Nf6 8.
cxb4 Qd4 9. Nd2 O-O 10. a3 Nxe4 11. Qxe4 Qd7 12. O-O b5 13. Qxa8 bxc4 14. Nxc4
Nc6 15. Qb7 Nd4 16. Nxe5 Ne2+ 17. Kh1 Qf5 18. Qxc7 Nd4 19. Be3 Ne6 20. Nc6 Nxc7
21. Ne7+ Kh8 22. Nxf5 Nd5 23. Bxa7 g6 24. Rfd1 Nf4 25. Bd4+ Kg8 26. Ne7# 1-0

[Event "AUTO-OPEN-1420"]
[Site "http://www.queenalice.com/game.php?id=530482"]
[Date "2009.1.27"]
[Round "1"]
[White "ReidoBaralho"]
[Black "salcuo"]
[Result "0-1"]
[WhiteElo "1591"]
[BlackElo "1907"]

1. d4 Nf6 2. Bf4 g6 3. Nc3 d5 4. Nb5 Na6 5. c4 dxc4 6. Qa4 c6 7. Nc3 Qxd4 8. e3
Qb6 9. b3 cxb3 10. axb3 Nc5 11. Qa2 Nxb3 12. Rb1 Be6 13. Bd3 Nc1 14. Rxb6 Nxa2
15. Nxa2 axb6 16. Nb4 c5 17. Bb5+ Bd7 18. Bxd7+ Nxd7 19. Nf3 Ra1+ 20. Ke2 Rxh1
21. Nd5 e6 22. Nc7+ Ke7 23. Nb5 Rb1 24. Ne5 Rxb5 25. Nc4 Bg7 26. Bg5+ Bf6 27.
Bf4 Ra8 28. Nd6 Rb2+ 29. Kf3 Raa2 30. Ne4 e5 31. Bg5 Bxg5 32. g3 f5 33. Nxg5
Rxf2# 0-1

[Event "AUTO-MASTER-731"]
[Site "http://www.queenalice.com/game.php?id=535520"]
[Date "2009.2.5"]
[Round "1"]
[White "From77fr"]
[Black "salcuo"]
[Result "1-0"]
[WhiteElo "2114"]
[BlackElo "1826"]

1. d4 Nf6 2. Nc3 d5 3. e4 dxe4 4. f3 exf3 5. Nxf3 Bg4 6. Be2 e6 7. h3 Bh5 8. Bg5
Be7 9. g4 Bg6 10. Ne5 Nbd7 11. O-O Nxe5 12. dxe5 1-0

[Event "AUTO-MASTER-731"]
[Site "http://www.queenalice.com/game.php?id=535521"]
[Date "2009.2.5"]
[Round "1"]
[White "salcuo"]
[Black "From77fr"]
[Result "0-1"]
[WhiteElo "1816"]
[BlackElo "2117"]

1. e4 e6 2. d4 d5 3. Nc3 Nf6 4. Bg5 dxe4 5. Nxe4 Nbd7 6. Nxf6+ Nxf6 7. Nf3 Be7
8. Bd3 h6 9. Bh4 O-O 10. Qe2 Qd5 11. O-O Qh5 0-1

[Event "AUTO-MASTER-731"]
[Site "http://www.queenalice.com/game.php?id=535534"]
[Date "2009.2.5"]
[Round "1"]
[White "phystutordotcom"]
[Black "salcuo"]
[Result "1-0"]
[WhiteElo "1929"]
[BlackElo "1793"]

1. Nf3 Nf6 2. d3 d5 3. Nbd2 c5 4. e4 Nc6 5. g3 Bg4 6. h3 Bh5 7. Bg2 e6 8. O-O
Be7 9. c3 O-O 10. Qe1 dxe4 11. dxe4 Bg6 12. Nh4 Bh5 13. f4 h6 14. Ndf3 Bxf3 15.
Nxf3 Qd3 16. e5 Nd5 17. Qd1 Qxd1 18. Rxd1 1-0

[Event "AUTO-MASTER-731"]
[Site "http://www.queenalice.com/game.php?id=535535"]
[Date "2009.2.5"]
[Round "1"]
[White "salcuo"]
[Black "phystutordotcom"]
[Result "0-1"]
[WhiteElo "1776"]
[BlackElo "1940"]

1. e4 d6 2. d4 Nf6 3. Nc3 e5 4. Nf3 Nbd7 5. Bc4 Be7 6. O-O O-O 7. Re1 c6 8. a4
b6 9. d5 c5 10. a5 bxa5 11. Nd2 Nb6 12. Rxa5 Nxc4 13. Nxc4 Nd7 14. Ra1 f5 15. f3
a5 16. exf5 Rxf5 17. Ne4 Qc7 18. Bd2 Ba6 0-1

[Event "AUTO-MASTER-731"]
[Site "http://www.queenalice.com/game.php?id=535544"]
[Date "2009.2.5"]
[Round "1"]
[White "salcuo"]
[Black "arrabi"]
[Result "0-1"]
[WhiteElo "1809"]
[BlackElo "1993"]

1. e4 c5 2. c3 Nc6 3. d4 cxd4 4. cxd4 a6 5. Nf3 d6 6. Nc3 e6 7. Bd3 Be7 8. O-O
Nf6 9. Qe2 O-O 10. e5 Nd5 11. Qe4 f5 12. exf6 Nxf6 13. Qh4 e5 14. d5 e4 15. Nxe4
Nxd5 16. Neg5 h6 17. Bc4 Nb4 18. a3 Rxf3 19. gxf3 Bxg5 20. Bxg5 hxg5 21. Qe4 Qa5
22. Qe8+ Kh7 23. Qh5+ Kg8 24. axb4 Bg4 25. fxg4 Qc7 26. Bxd5+ Kf8 0-1

[Event "AUTO-MASTER-731"]
[Site "http://www.queenalice.com/game.php?id=535545"]
[Date "2009.2.5"]
[Round "1"]
[White "arrabi"]
[Black "salcuo"]
[Result "1-0"]
[WhiteElo "1974"]
[BlackElo "1851"]

1. e4 c6 2. Bc4 d5 3. exd5 cxd5 4. Be2 Nf6 5. d4 Nc6 6. Nf3 Bf5 7. c3 e6 8. O-O
Bd6 9. Bg5 h6 10. Bh4 O-O 11. Nbd2 a5 12. Re1 a4 13. Nf1 a3 14. b4 g5 15. Bg3
Ne4 16. Ne5 Bxe5 17. dxe5 Nxg3 18. Nxg3 Nxe5 19. Nxf5 exf5 20. Bh5 Qd6 21. Qd4
Rfe8 22. Re3 f4 23. Rh3 g4 24. Rh4 Qe7 25. Rxg4+ Nxg4 26. g3 Nf6 27. Bf3 Qe5 28.
Qd3 fxg3 29. hxg3 1-0